| 000 | 01000nam a2200265Ia 4500 | ||
|---|---|---|---|
| 003 | IN-BaIIA | ||
| 008 | 211028s9999 xx 000 0 eng d | ||
| 020 | _a951-45-3569-3 | ||
| 040 | _cIIA Library | ||
| 080 |
_a520.1(082.2) _bNOR |
||
| 111 |
_aNordic Astronomy Meeting _n111th _cUniversity of Helsinki, Helsinki _d1984 Sep. 3-5 _914447 |
||
| 245 | 0 |
_aNordic Astronomy _bproceedings of the nordic Astronomy meeting, held in University of Helsinki, Helsinki, 3-5 Sep 1984 _cedited by K J Donner, Pasinetti, L. E and Davis A. G Philip |
|
| 260 |
_aHelsinki _bUniversity of Helsinki _c1984 |
||
| 300 | _aviii, 243p. | ||
| 650 |
_aAstronomy _980 |
||
| 650 | _aAstronomy and Astrophysics thesaurus | ||
| 650 |
_aAstrophysics _9794 |
||
| 650 |
_aGalaxies -- Congresses _914448 |
||
| 650 |
_aStars -- Evolution -- Congresses _914449 |
||
| 700 |
_aDonner, K J., ed. _914450 |
||
| 700 |
_aPasinetti, L. E., ed. _914451 |
||
| 700 |
_aPhilip, Davis A. G., ed. _910534 |
||
| 710 |
_aIAU _914452 |
||
| 942 | _cBK | ||
| 999 |
_c8610 _d8610 |
||